[Event "Midland Ch Forrest Cup"]
[Site "Derby"]
[Date "1985.02.16"]
[Round "3"]
[White "Wheeler, Darren P"]
[Black "Small, Simon W"]
[Result "0-1"]
[WhiteElo "2028"]
[BlackElo "2155"]
[PlyCount "120"]
[EventDate "1985.02.15"]
[EventType "swiss"]
[EventRounds "6"]
[EventCountry "ENG"]
[SourceTitle "BritBase"]
[Source "John Saunders"]
[SourceDate "2022.08.21"]
[SourceVersion "1"]
[SourceVersionDate "2022.08.21"]
[SourceQuality "1"]

1. e4 c5 2. f4 g6 3. Nf3 Bg7 4. Nc3 Nc6 5. Bb5 Nd4 6. O-O Nxb5 7. Nxb5 a6 8.
Nc3 b5 9. d3 Bb7 10. a3 Nf6 11. Be3 Rc8 12. Kh1 d5 13. e5 d4 14. exf6 Bxf6 15.
Bd2 dxc3 16. Bxc3 Bxc3 17. bxc3 Qd6 18. Qe2 Bxf3 19. Rxf3 O-O 20. c4 e6 21.
cxb5 axb5 22. Rb1 Rb8 23. h3 b4 24. axb4 Rxb4 25. Rxb4 cxb4 26. Qd2 $2 (26. Qe5
$11) 26... Qd4 27. Qf2 Qb2 $15 28. Qc5 $4 (28. Qb6 $15) 28... Qc1+ 29. Qg1 (29.
Kh2 b3 $19) 29... Qxc2 $19 30. Qd4 Qc3 (30... b3 31. Rf2 Rb8 $1 $19) 31. Qxc3
bxc3 32. Rf1 Rd8 33. Rd1 Rd4 34. Kh2 h5 35. g3 Kg7 36. Kg2 Kf6 37. Kf2 c2 38.
Rc1 Rxd3 39. Rxc2 h4 40. gxh4 (40. g4 Rxh3 41. Rc5 Rh2+) 40... Rxh3 41. Rc5
Rxh4 42. Kg3 Rh5 43. Rc4 g5 44. fxg5+ Rxg5+ 45. Kf4 e5+ 46. Kf3 Kf5 47. Ra4 Rh5
48. Kg3 Rg5+ 49. Kf3 e4+ 50. Ke3 Rg3+ 51. Kf2 Rf3+ 52. Ke2 Kf4 53. Ra7 f5 54.
Rg7 Rh3 55. Rf7 Rh2+ 56. Kf1 e3 57. Ke1 Ke4 58. Kf1 f4 59. Kg1 Rb2 60. Kf1 Kf3
0-1

[Event "Midland Ch Forrest Cup"]
[Site "Derby"]
[Date "1985.02.16"]
[Round "3"]
[White "Lazonby, Norman A"]
[Black "Kemp, Peter D"]
[Result "0-1"]
[WhiteElo "2110"]
[BlackElo "2118"]
[PlyCount "94"]
[EventDate "1985.02.15"]
[EventType "swiss"]
[EventRounds "6"]
[EventCountry "ENG"]
[SourceTitle "BritBase"]
[Source "John Saunders"]
[SourceDate "2022.08.21"]
[SourceVersion "1"]
[SourceVersionDate "2022.08.21"]
[SourceQuality "1"]

1. e4 Nc6 2. d4 d5 3. exd5 Qxd5 4. Nf3 Bg4 5. Be2 e6 6. h3 Bh5 7. O-O O-O-O 8.
Be3 Nh6 9. Nbd2 Be7 10. a3 g5 11. b4 Bf6 12. c3 Nf5 13. b5 Na5 14. Qa4 b6 15.
c4 Qd7 16. Ne4 Bxd4 17. Nxd4 Bxe2 18. Nxe2 Nxe3 19. fxe3 Qd3 20. N4g3 h5 21. c5
Qxe3+ 22. Kh1 f5 23. cxb6 axb6 24. Qc2 h4 25. Rac1 Qe5 26. Nxf5 exf5 27. Rxf5
Qe7 28. Nc3 Rd7 29. Nd5 Qd6 30. Rxg5 Kb8 31. Nb4 Rc8 32. Rg6 Qd4 33. Rg4 Qf6
34. Rg6 Qd8 35. Rc6 Rd2 36. Na6+ Ka8 37. Qe4 Nxc6 38. Rxc6 Rd4 39. Qf3 Ka7 40.
Rc1 Qg5 41. Qc6 Qd8 42. Qc2 c5 43. Rf1 Qd7 44. Qb3 Rf8 45. Re1 Rd8 46. Nxc5
bxc5 47. b6+ Kb8 0-1

[Event "Midland Ch Forrest Cup"]
[Site "Derby"]
[Date "1985.02.16"]
[Round "3"]
[White "Waddingham, Graham A"]
[Black "Alcock, Michael"]
[Result "1/2-1/2"]
[WhiteElo "2245"]
[BlackElo "2058"]
[PlyCount "87"]
[EventDate "1985.02.15"]
[EventType "swiss"]
[EventRounds "6"]
[EventCountry "ENG"]
[SourceTitle "BritBase"]
[Source "John Saunders"]
[SourceDate "2022.08.21"]
[SourceVersion "1"]
[SourceVersionDate "2022.08.21"]
[SourceQuality "1"]

1. e4 c5 2. f4 Nf6 3. e5 Nd5 4. d4 cxd4 5. Qxd4 e6 6. c4 Nc6 7. Qf2 Nde7 8. Nc3
Nf5 9. Nf3 b6 10. Ne4 d5 11. exd6 Nxd6 12. Nxd6+ Bxd6 13. Be3 Qf6 14. c5 Bxf4
15. Bb5 Bb7 16. Nd4 Bxe3 17. Qxe3 e5 18. Qe4 O-O 19. Nxc6 a6 20. Bd3 g6 21.
Ne7+ Qxe7 22. c6 Bc8 23. O-O f6 24. Rac1 Be6 25. Bc4 b5 26. Bxe6+ Qxe6 27. Rfd1
Rac8 28. Rc5 f5 29. Qe3 Rfe8 30. Rdd5 e4 31. Qd4 e3 32. Re5 e2 33. Kf2 Qxa2 34.
c7 Qb1 35. Kxe2 Rxe5+ 36. Rxe5 Qc2+ 37. Kf3 Qc6+ 38. Rd5 Rxc7 39. Kg3 Qc4 40.
Rd8+ Kf7 41. Rd7+ Rxd7 42. Qxd7+ Kg8 43. h3 Qb3+ 44. Kh2 1/2-1/2

[Event "Midland Ch Forrest Cup"]
[Site "Derby"]
[Date "1985.02.16"]
[Round "3"]
[White "Shannon, John E"]
[Black "Briggs, Philip J"]
[Result "0-1"]
[WhiteElo "2155"]
[BlackElo "2088"]
[PlyCount "88"]
[EventDate "1985.02.15"]
[EventType "swiss"]
[EventRounds "6"]
[EventCountry "ENG"]
[SourceTitle "BritBase"]
[Source "John Saunders"]
[SourceDate "2022.08.21"]
[SourceVersion "1"]
[SourceVersionDate "2022.08.21"]
[SourceQuality "1"]

1. d4 c5 2. d5 h6 3. e4 g5 4. c4 Bg7 5. Nc3 d6 6. Be3 Nf6 7. Be2 Nbd7 8. h4 Qb6
9. Qd2 g4 10. f4 h5 11. Bd3 g3 12. Be2 Nf8 13. Bf3 Ng4 14. Bxg4 Bxg4 15. Nge2
Ng6 16. Nxg3 Bf6 17. Nf1 Bxh4+ 18. g3 Bf6 19. Nh2 Bd7 20. O-O-O O-O-O 21. b3
Qa5 22. Nb1 Qa6 23. a4 Qb6 24. Qc2 Rdg8 25. Bd2 Nf8 26. Rhg1 Bd4 27. Rgf1 Rxg3
28. Bc3 Bxc3 29. Nxc3 Rhg8 30. Kb2 h4 31. Rd2 h3 32. Rf3 Rxf3 33. Nxf3 Ng6 34.
f5 Nf4 35. Ka2 Rg3 36. Rf2 Qb4 37. Qd2 Bxa4 38. bxa4 Qxc4+ 39. Ka1 h2 40. Rxh2
Rxf3 41. Kb2 Nd3+ 42. Kc2 Nb4+ 43. Kb2 Kd7 44. Rh7 Rf2 0-1

[Event "Midland Ch Forrest Cup"]
[Site "Derby"]
[Date "1985.02.16"]
[Round "3"]
[White "Dicks, Duncan"]
[Black "Arkell, Keith C"]
[Result "0-1"]
[WhiteElo "1938"]
[BlackElo "2320"]
[PlyCount "74"]
[EventDate "1985.02.15"]
[EventType "swiss"]
[EventRounds "6"]
[EventCountry "ENG"]
[SourceTitle "BritBase"]
[Source "John Saunders"]
[SourceDate "2022.08.21"]
[SourceVersion "1"]
[SourceVersionDate "2022.08.21"]
[SourceQuality "1"]

1. d4 Nf6 2. Bg5 c5 3. Bxf6 exf6 4. c3 Qb6 5. Qb3 cxd4 6. Qxb6 axb6 7. cxd4 Nc6
8. e3 Nb4 9. Na3 Rxa3 10. bxa3 Nc2+ 11. Kd2 Nxa1 12. Kc1 Bxa3+ 13. Kb1 d5 14.
Bd3 Ke7 15. Kxa1 Bg4 16. f3 Bd7 17. Ne2 Bd6 18. Rb1 Bc7 19. g3 h5 20. Rc1 Bc6
21. Nf4 Bxf4 22. gxf4 Kd6 23. e4 Ra8 24. Rd1 Ra4 25. Bc2 Rc4 26. Kb2 Rxc2+ 27.
Kxc2 Ba4+ 28. Kd2 Bxd1 29. e5+ Ke6 30. Kxd1 Kf5 31. Ke2 Kxf4 32. exf6 g5 33.
Kf2 Kf5 34. Kg3 h4+ 35. Kh3 Kf4 36. a4 Kxf3 37. a5 g4+ 0-1

[Event "Midland Ch Forrest Cup"]
[Site "Derby"]
[Date "1985.02.16"]
[Round "3"]
[White "Hardy, Otto Henry"]
[Black "Heelan, David W"]
[Result "1/2-1/2"]
[WhiteElo "1908"]
[BlackElo "1795"]
[PlyCount "87"]
[EventDate "1985.02.15"]
[EventType "swiss"]
[EventRounds "6"]
[EventCountry "ENG"]
[SourceTitle "BritBase"]
[Source "John Saunders"]
[SourceDate "2022.08.21"]
[SourceVersion "1"]
[SourceVersionDate "2022.08.21"]
[SourceQuality "1"]

1. d4 Nf6 2. Nc3 d5 3. Bg5 c6 4. f3 Nbd7 5. e4 dxe4 6. fxe4 Qa5 7. Qd2 e5 8.
Nf3 Bb4 9. Bd3 exd4 10. Nxd4 O-O {(at this point the score, in descriptive
notation, gives '11 NxN BxN' but by substituting the next two half-moves the
rest of the score seems to make sense - JS)} 11. O-O Qb6 12. Be3 Ng4 13. Nf5
Nxe3 14. Nxe3 Bxc3 15. bxc3 Ne5 16. Kh1 Be6 17. Nf5 Qc7 18. Qg5 f6 19. Qg3 Rad8
20. Nd4 Qf7 21. a4 Rd7 22. Nf3 Nxf3 23. Rxf3 Qh5 24. Qf2 Qe5 25. Qxa7 Qxc3 26.
Raf1 Rfd8 27. Qf2 Qe5 28. Rg3 Kh8 29. Qf4 Qxf4 30. Rxf4 Rd4 31. h4 Rxa4 32. h5
h6 33. Re3 Ra5 34. g4 Re5 35. Kg2 Rc5 36. Re1 Bc4 37. Bxc4 Rxc4 38. Rf2 Kg8 39.
Kf3 Kf7 40. Rh1 Ke6 41. Rhh2 Rd7 42. Ke3 Ke5 43. Rf5+ Ke6 44. Rff2 1/2-1/2

[Event "Midland Ch Forrest Cup"]
[Site "Derby"]
[Date "1985.02.16"]
[Round "4"]
[White "Kemp, Peter D"]
[Black "Small, Simon W"]
[Result "1/2-1/2"]
[WhiteElo "2118"]
[BlackElo "2155"]
[PlyCount "67"]
[EventDate "1985.02.15"]
[EventType "swiss"]
[EventRounds "6"]
[EventCountry "ENG"]
[SourceTitle "BritBase"]
[Source "John Saunders"]
[SourceDate "2022.08.21"]
[SourceVersion "1"]
[SourceVersionDate "2022.08.21"]
[SourceQuality "1"]

1. e4 c5 2. Nf3 d6 3. d4 cxd4 4. Nxd4 Nf6 5. Nc3 g6 6. Be3 Bg7 7. f3 Nc6 8. Qd2
O-O 9. g4 Nxd4 10. Bxd4 Be6 11. O-O-O Qa5 12. Kb1 Rfc8 13. a3 a6 14. h4 b5 {
('h5')} 15. Nd5 Qxd2 16. Nxf6+ Bxf6 17. Rxd2 Bxd4 18. Rxd4 Rc5 19. Bh3 h6 20.
f4 Rac8 21. c3 Rc4 22. g5 Rxd4 23. Bxe6 fxe6 24. cxd4 Rc4 25. Rd1 a5 26. Rd3
hxg5 27. b3 Rc8 28. hxg5 Rf8 29. Rf3 Kg7 30. e5 d5 31. Kc2 b4 32. a4 Rh8 33.
Kd2 Rh2+ 34. Kd1 1/2-1/2

[Event "Midland Ch Forrest Cup"]
[Site "Derby"]
[Date "1985.02.16"]
[Round "4"]
[White "Escott, Keith L"]
[Black "Baker, Chris W"]
[Result "0-1"]
[WhiteElo "2118"]
[BlackElo "2342"]
[PlyCount "56"]
[EventDate "1985.02.15"]
[EventType "swiss"]
[EventRounds "6"]
[EventCountry "ENG"]
[SourceTitle "BritBase"]
[Source "John Saunders"]
[SourceDate "2022.08.21"]
[SourceVersion "1"]
[SourceVersionDate "2022.08.21"]
[SourceQuality "1"]

1. e4 d6 2. d4 Nf6 3. f3 g6 4. c4 Bg7 5. Nc3 O-O 6. Be3 e5 7. d5 c6 8. Qd2 cxd5
9. cxd5 a6 10. Bd3 Nbd7 11. Nge2 b5 12. O-O Nb6 13. b3 Nfd7 14. Rac1 f5 15. g3
Nc5 16. Bb1 Ra7 17. exf5 gxf5 18. f4 e4 19. Nd4 Raf7 20. Qe2 Qf6 21. Nc6 Bb7
22. b4 Ncd7 $2 23. Bd4 $2 (23. Bxe4 $1 $16) 23... Qg6 24. Rfd1 Rc8 25. Bxg7
Qxg7 26. Nd4 Bxd5 $2 27. Nxd5 $4 (27. Qh5 $5 $44) 27... Rxc1 28. Nxb6 Qxd4+ 0-1

[Event "Midland Ch Forrest Cup"]
[Site "Derby"]
[Date "1985.02.16"]
[Round "4"]
[White "Briggs, Philip J"]
[Black "Waddingham, Graham A"]
[Result "0-1"]
[WhiteElo "2088"]
[BlackElo "2245"]
[PlyCount "126"]
[EventDate "1985.02.15"]
[EventType "swiss"]
[EventRounds "6"]
[EventCountry "ENG"]
[SourceTitle "BritBase"]
[Source "John Saunders"]
[SourceDate "2022.08.21"]
[SourceVersion "1"]
[SourceVersionDate "2022.08.21"]
[SourceQuality "1"]

1. c4 e6 2. g4 d5 3. Bg2 Bd6 4. cxd5 exd5 5. Bxd5 Nf6 6. Bf3 O-O 7. g5 Ng4 8.
h3 Ne5 9. d4 Nxf3+ 10. Nxf3 b6 11. Be3 Bb7 12. Nbd2 Nd7 13. Rg1 Bd5 14. Qc2 Qe7
15. h4 Rac8 16. Rd1 Rfe8 17. Qd3 Qe6 18. h5 Qh3 19. g6 fxg6 20. hxg6 h6 21. a3
Nf6 22. Ne5 Bxe5 23. dxe5 Rxe5 24. Nc4 Re4 25. b3 Rce8 26. Rd2 Qh2 27. Rf1 b5
28. Nb2 c6 29. Bxa7 Nh5 30. Be3 Ng3 31. Bf4 Rxf4 32. Qxg3 Qxg3 33. fxg3 Rg4 34.
Nd3 Rxg6 35. Nf4 Rxg3 36. Nxd5 cxd5 37. Rxd5 Rxb3 38. Rff5 Rxa3 39. Rxb5 Ra1+
40. Kf2 Ra2 41. Rbe5 Rxe5 42. Rxe5 Kf7 43. Rb5 Ra6 44. Kf3 Kf6 45. e3 g6 46.
Rc5 Re6 47. Kf4 g5+ 48. Kf3 h5 49. Rb5 Re5 50. Rb6+ Kf5 51. Rb8 g4+ 52. Kf2 Kg5
53. Rb1 Ra5 54. Rb2 h4 55. Kg2 Rf5 56. Rb8 h3+ 57. Kh2 Rf2+ 58. Kg1 g3 59. Rg8+
Kh4 60. Rh8+ Kg4 61. e4 h2+ 62. Kh1 Rf1+ 63. Kg2 Rg1# 0-1

[Event "Midland Ch Forrest Cup"]
[Site "Derby"]
[Date "1985.02.16"]
[Round "4"]
[White "Dunworth, Christopher N"]
[Black "Wheeler, Darren P"]
[Result "1/2-1/2"]
[WhiteElo "2080"]
[BlackElo "2028"]
[PlyCount "40"]
[EventDate "1985.02.15"]
[EventType "swiss"]
[EventRounds "6"]
[EventCountry "ENG"]
[SourceTitle "BritBase"]
[Source "John Saunders"]
[SourceDate "2022.08.21"]
[SourceVersion "1"]
[SourceVersionDate "2022.08.21"]
[SourceQuality "1"]

1. d4 e6 2. Nf3 c5 3. e3 Nf6 4. c3 b6 5. Bd3 Ba6 6. Bxa6 Nxa6 7. O-O Be7 8. e4
O-O 9. Re1 d5 10. e5 Nd7 11. Bf4 Re8 12. h3 Nf8 13. Qd3 Nb8 14. Nbd2 Ng6 15.
Bg3 Nc6 16. Rac1 Rc8 17. Qe3 h6 18. Nb3 c4 19. Nbd2 Rb8 20. Nh2 Bh4 1/2-1/2

[Event "Midland Ch Forrest Cup"]
[Site "Derby"]
[Date "1985.02.16"]
[Round "4"]
[White "Alcock, Michael"]
[Black "Lazonby, Norman A"]
[Result "1/2-1/2"]
[WhiteElo "2058"]
[BlackElo "2110"]
[PlyCount "45"]
[EventDate "1985.02.15"]
[EventType "swiss"]
[EventRounds "6"]
[EventCountry "ENG"]
[SourceTitle "BritBase"]
[Source "John Saunders"]
[SourceDate "2022.08.21"]
[SourceVersion "1"]
[SourceVersionDate "2022.08.21"]
[SourceQuality "1"]

1. e4 c5 2. Nc3 g6 3. Nf3 Bg7 4. d4 cxd4 5. Nxd4 Nc6 6. Be3 Nf6 7. Bc4 d6 8. h3
Bd7 9. Bb3 Rc8 10. O-O O-O 11. Re1 a6 12. Qd3 Ne5 13. Qe2 b5 14. Rad1 b4 15.
Nd5 a5 16. f4 Nxd5 17. exd5 a4 18. fxe5 axb3 19. Nxb3 Bxe5 20. Bd4 Bf5 21. Rd2
f6 22. Qf2 Qc7 23. Rc1 1/2-1/2

[Event "Midland Ch Forrest Cup"]
[Site "Derby"]
[Date "1985.02.16"]
[Round "4"]
[White "Garcia Iglesias, Isaac"]
[Black "Hills, Kenneth B"]
[Result "0-1"]
[WhiteElo "1975"]
[BlackElo "2072"]
[PlyCount "42"]
[EventDate "1985.02.15"]
[EventType "swiss"]
[EventRounds "6"]
[EventCountry "ENG"]
[SourceTitle "BritBase"]
[Source "John Saunders"]
[SourceDate "2022.08.21"]
[SourceVersion "1"]
[SourceVersionDate "2022.08.21"]
[SourceQuality "1"]

1. d4 Nf6 2. Nf3 d5 3. c3 g6 4. Bg5 Bg7 5. Nbd2 Nbd7 6. e3 O-O 7. Bd3 c5 8. O-O
b6 9. Re1 Bb7 10. Rc1 Rc8 11. e4 cxd4 12. Nxd4 Nc5 13. Bb1 Nfxe4 14. Nxe4 Nxe4
15. Be3 e5 16. Nb5 Nd6 17. Nxa7 Ra8 18. Qb3 d4 19. cxd4 exd4 20. Nc6 Bxc6 21.
Rxc6 dxe3 0-1

[Event "Midland Ch Forrest Cup"]
[Site "Derby"]
[Date "1985.02.16"]
[Round "4"]
[White "Heelan, David W"]
[Black "Eames, Robert S"]
[Result "0-1"]
[WhiteElo "1795"]
[BlackElo "1938"]
[PlyCount "89"]
[EventDate "1985.02.15"]
[EventType "swiss"]
[EventRounds "6"]
[EventCountry "ENG"]
[SourceTitle "BritBase"]
[Source "John Saunders"]
[SourceDate "2022.08.21"]
[SourceVersion "1"]
[SourceVersionDate "2022.08.21"]
[SourceQuality "1"]

1. d4 d5 2. c4 e6 3. Nc3 c5 4. Nf3 cxd4 5. Nxd4 Nf6 6. cxd5 exd5 7. Bg5 Be7 8.
e3 O-O 9. Bd3 Nc6 10. O-O h6 11. Bf4 Bg4 12. Qd2 Qd7 13. Rac1 Nh5 14. Bg3 Nxg3
15. hxg3 Nxd4 16. exd4 Bg5 17. f4 Bf6 18. Bc2 Rac8 19. Bb3 Rc4 20. Bxc4 dxc4
21. Ne2 b5 22. Rfe1 Re8 23. Kf1 Bf5 24. Rc3 Qe6 25. Kf2 Rd8 26. Re3 Qd5 27. Kf1
a6 28. a3 g6 29. Rc3 Be4 30. Ng1 Bxd4 31. Nf3 Bxc3 32. Qxd5 Bxd5 33. bxc3 Bxf3
34. gxf3 Rd3 35. Re8+ Kg7 36. Ra8 Rxf3+ 37. Kg2 Rxc3 38. Rxa6 Rb3 39. g4 c3 40.
Kf2 Rb2+ 41. Ke3 Ra2 42. Ra5 Rg2 43. Rxb5 Rxg4 44. Rb4 h5 45. Kd3 0-1

[Event "Midland Ch Forrest Cup"]
[Site "Derby"]
[Date "1985.02.17"]
[Round "5"]
[White "Baker, Chris W"]
[Black "Kemp, Peter D"]
[Result "1-0"]
[WhiteElo "2342"]
[BlackElo "2118"]
[PlyCount "89"]
[EventDate "1985.02.15"]
[EventType "swiss"]
[EventRounds "6"]
[EventCountry "ENG"]
[SourceTitle "BritBase"]
[Source "John Saunders"]
[SourceDate "2022.08.21"]
[SourceVersion "1"]
[SourceVersionDate "2022.08.21"]
[SourceQuality "1"]

1. d4 Nf6 2. c4 c5 3. d5 e6 4. Nc3 exd5 5. cxd5 d6 6. e4 g6 7. f4 Bg7 8. Bb5+
Nfd7 9. a4 O-O 10. Nf3 a6 11. Bd3 b5 12. axb5 Bb7 13. O-O axb5 14. Rxa8 Bxa8
15. Bxb5 Qb6 16. Qa4 c4+ 17. Kh1 Nc5 18. Qxc4 Bxc3 19. bxc3 Nxe4 20. Qxe4 Qxb5
21. c4 Re8 22. Qd3 Qc5 23. Ba3 Qc7 24. Nd4 Qb6 25. Qc3 Nd7 26. Bb2 f6 27. Ne6
Rc8 28. Qa3 Rb8 29. Bd4 Qb4 30. Qc1 Rc8 31. f5 Bxd5 32. Qh6 Bxe6 33. fxg6 hxg6
34. Qxg6+ Kf8 35. Bxf6 Bf7 36. Bg7+ Ke7 37. Qxf7+ Kd8 38. Qg8+ Kc7 39. Qd5 Rb8
40. h3 Re8 41. Kh2 Re1 42. Rf7 Rc1 43. Bh6 Ra1 44. Bf4 Ra5 45. Qe6 1-0

[Event "Midland Ch Forrest Cup"]
[Site "Derby"]
[Date "1985.02.17"]
[Round "5"]
[White "Small, Simon W"]
[Black "Barton, R Alan"]
[Result "1-0"]
[WhiteElo "2155"]
[BlackElo "2110"]
[PlyCount "107"]
[EventDate "1985.02.15"]
[EventType "swiss"]
[EventRounds "6"]
[EventCountry "ENG"]
[SourceTitle "BritBase"]
[Source "John Saunders"]
[SourceDate "2022.08.21"]
[SourceVersion "1"]
[SourceVersionDate "2022.08.21"]
[SourceQuality "1"]

1. d4 d5 2. Nc3 Bf5 3. Bg5 c6 4. e3 Nd7 5. Bd3 Bg6 6. Bxg6 hxg6 7. Nf3 Qb6 8.
Rb1 e6 9. O-O Ngf6 10. Qd3 Bd6 11. e4 Nxe4 12. Nxe4 dxe4 13. Qxe4 Qc7 14. h3
Nf6 15. Qe2 O-O-O 16. b4 Rde8 17. Rfe1 Nd5 18. Bd2 Bf4 19. c4 Bxd2 20. Qxd2 Nf4
21. Ne5 g5 22. c5 Rd8 23. Nc4 f6 24. Nd6+ Rxd6 25. cxd6 Qxd6 26. Qe3 g4 27. h4
Rxh4 28. g3 Qd5 29. Qe4 Nh3+ 30. Kg2 Rh5 31. Qxd5 exd5 32. Re7 Rh7 33. Rbe1 Ng5
34. Rh1 Nh3 35. Rf7 Rh8 36. Rxg7 f5 37. Re1 f4 38. Rxg4 f3+ 39. Kxf3 Rf8+ 40.
Kg2 Nxf2 41. Rf1 Nxg4 42. Rxf8+ Kc7 43. Kf3 Nh2+ 44. Kf4 Kb6 45. g4 Nxg4 46.
Kxg4 Kb5 47. Rf7 b6 48. Rxa7 Kxb4 49. Kf4 Kc4 50. Ke5 Kb4 51. Kd6 Kc4 52. Kxc6
b5 53. Ra5 Kxd4 54. Rxb5 1-0

[Event "Midland Ch Forrest Cup"]
[Site "Derby"]
[Date "1985.02.17"]
[Round "5"]
[White "Hills, Kenneth B"]
[Black "Waddingham, Graham A"]
[Result "1-0"]
[WhiteElo "2072"]
[BlackElo "2245"]
[PlyCount "75"]
[EventDate "1985.02.15"]
[EventType "swiss"]
[EventRounds "6"]
[EventCountry "ENG"]
[SourceTitle "BritBase"]
[Source "John Saunders"]
[SourceDate "2022.08.21"]
[SourceVersion "1"]
[SourceVersionDate "2022.08.21"]
[SourceQuality "1"]

1. d4 d5 2. Nc3 g6 3. e4 dxe4 4. Nxe4 Bg7 5. Nf3 Nf6 6. Bd3 Nbd7 7. O-O O-O 8.
c3 b6 9. Re1 Bb7 10. Qe2 Re8 11. Neg5 e6 12. Ne5 Nxe5 13. dxe5 Nd7 14. f4 Nc5
15. Bc2 f6 16. exf6 Qxf6 17. Be3 Ba6 18. Qf3 Bd3 19. Bxc5 Bxc2 20. Bd4 Qf5 21.
Nxe6 Bh6 22. Nxc7 Be4 23. Rxe4 Rxe4 24. Nxa8 Rxf4 25. Qh3 Qd5 26. Qxh6 Rf7 27.
Rf1 Rxf1+ 28. Kxf1 Qf5+ 29. Kg1 Qb1+ 30. Kf2 Qc2+ 31. Kg3 Kf7 32. Nc7 Ke7 33.
Qg7+ Kd6 34. Nb5+ Kc6 35. Nxa7+ Kd6 36. Qe5+ Kd7 37. Qg7+ Kd6 38. Nc8+ 1-0

[Event "Midland Ch Forrest Cup"]
[Site "Derby"]
[Date "1985.02.17"]
[Round "5"]
[White "Lazonby, Norman A"]
[Black "Smith, Alan A"]
[Result "1-0"]
[WhiteElo "2110"]
[BlackElo "2238"]
[PlyCount "101"]
[EventDate "1985.02.15"]
[EventType "swiss"]
[EventRounds "6"]
[EventCountry "ENG"]
[SourceTitle "BritBase"]
[Source "John Saunders"]
[SourceDate "2022.08.21"]
[SourceVersion "1"]
[SourceVersionDate "2022.08.21"]
[SourceQuality "1"]

1. e4 c5 2. Nf3 Nc6 3. d4 cxd4 4. Nxd4 g6 5. Be3 Bg7 6. Nc3 Nf6 7. Be2 O-O 8.
Bf3 Ne5 9. O-O d6 10. h3 Nc4 11. Bc1 Bd7 12. b3 Qa5 13. Nd5 Nxd5 14. exd5 Qc3
15. Rb1 Qxd4 16. bxc4 Qxc4 17. Rxb7 Qc8 18. Rb4 Bf5 19. Be4 Qc5 20. Ra4 Bd7 21.
Be3 Qc7 22. Ra3 Rfc8 23. Bd4 Bxd4 24. Qxd4 Qc5 25. Qxc5 Rxc5 26. Rb1 Bb5 27.
Ra5 a6 28. a4 Bd7 29. Rxc5 dxc5 30. Rb7 Bxa4 31. Rc7 Rd8 32. Rxc5 Kg7 33. Bd3
Rd6 34. Ra5 Bb5 35. c4 Bd7 36. Be4 Rb6 37. f4 e6 38. c5 Rb4 39. dxe6 Bxe6 40.
Bd3 Rxf4 41. Rxa6 Rd4 42. Be2 Rd2 43. Bf3 Bd5 $4 44. Rd6 $18 Bxf3 45. Rxd2 Be4
46. Kf2 Kf8 47. Ke3 Bf5 48. c6 Ke7 49. Rd4 Be6 50. c7 Bc8 51. Rd8 1-0

[Event "Midland Ch Forrest Cup"]
[Site "Derby"]
[Date "1985.02.17"]
[Round "5"]
[White "Evans, Raymond G"]
[Black "Dunworth, Christopher N"]
[Result "1/2-1/2"]
[WhiteElo "2132"]
[BlackElo "2080"]
[PlyCount "91"]
[EventDate "1985.02.15"]
[EventType "swiss"]
[EventRounds "6"]
[EventCountry "ENG"]
[SourceTitle "BritBase"]
[Source "John Saunders"]
[SourceDate "2022.08.21"]
[SourceVersion "1"]
[SourceVersionDate "2022.08.21"]
[SourceQuality "1"]

1. e4 c5 2. Nf3 e6 3. d4 cxd4 4. Nxd4 Nf6 5. Nc3 Bb4 6. e5 Nd5 7. Qg4 O-O 8.
Bh6 g6 9. Bxf8 Qxf8 10. Qg3 Qc5 11. Nb3 Qc7 12. a3 Bxc3+ 13. bxc3 Nc6 14. c4
Nde7 15. f4 d6 16. exd6 Qxd6 17. Bd3 Nd4 18. O-O Nef5 19. Qh3 Bd7 20. Rad1 Nxb3
21. Bxf5 Qb6+ 22. Kh1 Nc5 23. Bg4 Ba4 24. Qe3 Bxc2 25. Rd2 Ba4 26. Qe5 Rc8 27.
h3 Qb3 28. Rfd1 Qb6 29. Rd6 Qa5 30. R1d2 Nb3 31. Qxa5 Nxa5 32. Rd8+ Rxd8 33.
Rxd8+ Kg7 34. Bf3 Nxc4 35. Bxb7 Nxa3 36. Ra8 Nb5 37. Bc6 Kf6 38. Bxb5 Bxb5 39.
Rxa7 Bc4 40. g3 e5 41. fxe5+ Kxe5 42. Kg2 h5 43. Kf3 Bd5+ 44. Ke3 Be6 45. Ra5+
Kf6 46. h4 1/2-1/2

[Event "Midland Ch Forrest Cup"]
[Site "Derby"]
[Date "1985.02.17"]
[Round "5"]
[White "Eames, Robert S"]
[Black "Maullin, Robert E"]
[Result "1-0"]
[WhiteElo "1938"]
[BlackElo "2028"]
[PlyCount "63"]
[EventDate "1985.02.15"]
[EventType "swiss"]
[EventRounds "6"]
[EventCountry "ENG"]
[SourceTitle "BritBase"]
[Source "John Saunders"]
[SourceDate "2022.08.21"]
[SourceVersion "1"]
[SourceVersionDate "2022.08.21"]
[SourceQuality "1"]

1. e4 e6 2. d4 d5 3. Nc3 Bb4 4. Nge2 c5 5. a3 Bxc3+ 6. Nxc3 dxe4 7. dxc5 Qxd1+
8. Kxd1 Nf6 9. Bg5 Nbd7 10. Bb5 O-O 11. b4 h6 12. Bh4 g5 13. Bg3 Nd5 14. Kd2
Rd8 15. Nxd5 Nf6 16. c4 exd5 17. Bc7 Be6 18. Bxd8 Rxd8 19. cxd5 Rxd5+ 20. Ke2
Nh5 21. Rhd1 Re5 22. Rd8+ Kg7 23. Kd2 f5 24. Kc3 e3 25. Re1 Nf4 26. Rxe3 Rxe3+
27. fxe3 Nxg2 28. Bd7 Kf6 29. Bxe6 Kxe6 30. b5 f4 31. c6 bxc6 32. bxc6 1-0

[Event "Midland Ch Forrest Cup"]
[Site "Derby"]
[Date "1985.02.17"]
[Round "6"]
[White "Barton, R Alan"]
[Black "Hills, Kenneth B"]
[Result "1/2-1/2"]
[WhiteElo "2110"]
[BlackElo "2072"]
[PlyCount "99"]
[EventDate "1985.02.15"]
[EventType "swiss"]
[EventRounds "6"]
[EventCountry "ENG"]
[SourceTitle "BritBase"]
[Source "John Saunders"]
[SourceDate "2022.08.21"]
[SourceVersion "1"]
[SourceVersionDate "2022.08.21"]
[SourceQuality "1"]

1. d4 Nf6 2. Nf3 d5 3. c4 e6 4. Nc3 Be7 5. Bf4 O-O 6. e3 c5 7. h3 Nc6 8. Bd3
cxd4 9. exd4 Nb4 10. O-O Nxd3 11. Qxd3 dxc4 12. Qxc4 b6 13. Bc7 Qe8 14. Rfe1
Bb7 15. Qe2 Rc8 16. Be5 Qd7 17. d5 Bxd5 18. Rad1 Rfd8 19. Ng5 Qc6 20. Nxd5 Rxd5
21. Bxf6 Bxf6 22. Ne4 Be7 23. Rxd5 Qxd5 24. Qa6 Rc7 25. Nc3 Qb7 26. Qa4 Qc6 27.
Qf4 h6 28. Nb5 Rd7 29. Nxa7 Qa8 30. Nb5 Qxa2 31. Qb8+ {('Qd8+')} Kh7 32. Qe8
Bb4 33. Qxd7 Bxe1 34. Qd3+ g6 35. Qe2 Bb4 36. Qe5 Qb1+ 37. Kh2 Qf5 38. Qxf5
gxf5 39. Kg3 Kg7 40. Kf4 Bc5 41. f3 Kf6 42. b3 {('be' is given, which makes no
sense)} ({Did White perhaps play} 42. g4 {here, which has the virtue of
avoiding the mate in two that might have followed after 42 b3? But, then, if
we continue} e5+ 43. Kg3 Ke6 44. Nc7+ Kd6 45. Ne8+ Kd5 46. Ng7 e4 47. f4 Kd4
48. Nxf5+ Kd3 49. Nxh6 f6 {we find that the move Ng4, given in the score, is
no longer available. JS}) 42... e5+ ({If White really did play 42 b3, then
Black could have continued} 42... Bf2 $1 {with mate next move.}) 43. Kg3 Ke6
44. Nc7+ Kd6 45. Ne8+ Kd5 46. Ng7 e4 47. f4 Kd4 48. Nxf5+ Kd3 49. Nxh6 f6 50.
Ng4 {A puzzling conclusion since Black is clearly winning. There is probably
something wrong with the score. JS} 1/2-1/2